KOHA-Header-6

Information technology and the Networked Economy (Record no. 8605)

000 -LEADER
fixed length control field 00295nam a2200109Ia 4500
100 ## - MAIN ENTRY--AUTHOR NAME
Personal name Patrick .McKeown
245 #0 - TITLE STATEMENT
Title Information technology and the Networked Economy
260 ## - PUBLICATION, DISTRIBUTION, ETC. (IMPRINT)
Place of publication New York
Name of publisher Tata McGraw Hill
Year of publication 2000
300 ## - PHYSICAL DESCRIPTION
Number of Pages 975
942 ## - ADDED ENTRY ELEMENTS (KOHA)
Koha item type Books
Holdings
Withdrawn status Lost status Collection code Permanent Location Current Location Shelving location Date acquired Full call number Accession Number Koha item type
    Computer Science MAJU MAJU   2019-09-14 330.2 3446 Computer Science

Powered by Koha